000 00641nam a22002057a 4500
005 20170927180923.0
008 170927b xxu||||| |||| 00| 0 eng d
020 _a978-2-7598-0676-8
040 _aBUAC
_cBUC
041 _aFre
100 _aJonnard, Philippe
245 _aPréparation des échantillons pour MEB et Microanalyses
_c/ par Philippe Jonnard ; collab. de François Brisset
260 _aParis :
_bGN-MEBA / EDP Sciences,
_c2011
300 _aXVI-216 p
_bill. ; couv. ill. en coul. ;
_c25 cm
630 _aSciences Appliquées
650 _aMicroanalyse
650 _aMEB
700 _aBrisset, François
942 _cLBA
999 _c57187
_d57187